Formula 1: Teammates by Driver #3 - Statistics

General Stats
  • This quiz has been taken 696 times
  • The average score is 30 of 52
Answer Stats
Driver Seasons Teammate Country Team % Correct
Alain Prost 1988-1989 Ayrton Senna Brazil McLaren
98%
Nigel Mansell 1990 Alain Prost France Ferrari
93%
Ayrton Senna 1988-1989 Alain Prost France McLaren
93%
Niki Lauda 1984-1985 Alain Prost France McLaren
93%
Alain Prost 1984-1985 Niki Lauda Austria McLaren
92%
Nelson Piquet 1978 Niki Lauda Austria Brabham
92%
Alain Prost 1990 Nigel Mansell United Kingdom Ferrari
91%
Nelson Piquet 1986-1987 Nigel Mansell United Kingdom Williams
91%
Nigel Mansell 1995 Mika Häkkinen Finland McLaren
90%
Ayrton Senna 1993 Mika Häkkinen Finland McLaren
90%
Alain Prost 1993 Damon Hill United Kingdom Williams
88%
Nigel Mansell 1994 Damon Hill United Kingdom Williams
88%
Ayrton Senna 1994 Damon Hill United Kingdom Williams
88%
Nigel Mansell 1986-1987 Nelson Piquet Brazil Williams
85%
Niki Lauda 1978-1979 Nelson Piquet Brazil Brabham
85%
Nigel Mansell 1980 Mario Andretti United States Lotus
81%
Ayrton Senna 1993 Michael Andretti United States McLaren
81%
Nigel Mansell 1989 Gerhard Berger Austria Ferrari
80%
Ayrton Senna 1990-1992 Gerhard Berger Austria McLaren
80%
Nelson Piquet 1991 Michael Schumacher Germany Benetton
80%
Alain Prost 1986 Keke Rosberg Finland McLaren
77%
Nigel Mansell 1985 Keke Rosberg Finland Williams
77%
Nigel Mansell 1988, 1991-1992 Riccardo Patrese Italy Williams
72%
Nelson Piquet 1982-1983, 1987 Riccardo Patrese Italy Williams
72%
Alain Prost 1991 Jean Alesi France Ferrari
70%
Niki Lauda 1973-1976 Clay Regazzoni Switzerland BRM, Ferrari
68%
Niki Lauda 1971-1972 Ronnie Peterson Sweden March
68%
Niki Lauda 1977 Carlos Reutemann Argentina Ferrari
66%
Alain Prost 1981-1982 René Arnoux France Renault
63%
Nigel Mansell 1980-1984 Elio de Angelis Italy Lotus
50%
Ayrton Senna 1985 Elio de Angelis Italy Lotus
50%
Ayrton Senna 1987 Satoru Nakajima Japan Lotus
48%
Nelson Piquet 1988-1989 Satoru Nakajima Japan Lotus
48%
Alain Prost 1987 Stefan Johansson Sweden McLaren
48%
Ayrton Senna 1984 Stefan Johansson Sweden Toleman
48%
Alain Prost 1980, 1985 John Watson United Kingdom McLaren
44%
Nelson Piquet 1978 John Watson United Kingdom Brabham
44%
Niki Lauda 1978, 1982-1983 John Watson United Kingdom McLaren
44%
Alain Prost 1983 Eddie Cheever United States Renault
32%
Nelson Piquet 1990 Alessandro Nannini Italy Benetton
27%
Nelson Piquet 1990-1991 Roberto Moreno Brazil Benetton
26%
Ayrton Senna 1984 Johnny Cecotto Venezuela Toleman
18%
Nelson Piquet 1980-1981 Hector Rebaque Mexico Brabham
17%
Niki Lauda 1973 Jean-Pierre Beltoise France BRM
17%
Ayrton Senna 1986 Johnny Dumfries United Kingdom Lotus
15%
Nelson Piquet 1984 Corrado Fabi Italy Brabham
14%
Nelson Piquet 1984 Teo Fabi Italy Brabham
14%
Nelson Piquet 1984 Manfred Winkelhock Germany Brabham
13%
Nelson Piquet 1985 Marc Surer Switzerland Brabham
13%
Niki Lauda 1973 Peter Gethin United Kingdom BRM
10%
Nelson Piquet 1979-1980 Ricardo Zunino Argentina Brabham
7%
Nelson Piquet 1985 François Hesnault France Brabham
6%
No matching quizzes found
Score Distribution
Percent of People with Each Score
Percentile by Number Answered
Your Score History
You have not taken this quiz